000 00432cam a2200193 4500
001 D12392
008 090401t1958 xxu||||| |||| 00| 0 eng d
035 _a(Sirsi) u3159
041 _aeng
100 _aCheshire, G.C.
245 _aCheshire on the modern law of real property
250 _a8th
260 _bButterworth
_c1958
300 _a910p
350 _a0
520 _aShelf 114
942 _n0
948 _c04/03/1997
999 _c85853
_d85853